[Event "www.ChessWorld.net server game"]
[Site "www.ChessWorld.net "]
[Date "2007.7.27"]
[Round "NA"]
[White "joselito"]
[Black "Al the Hammer"]
[Result "0-1"]
[Termination "White resigned"]
[WhiteElo "1470"]
[BlackElo "2182"]
[Mode "ICS"]
[DateLastMove "2007.12.11"]
[Board "3947383"]

1.e4 e6 2.Nf3 d5 3.exd5 exd5 4.Bb5+ c6 5.Be2 Nf6 6.O-O Bd6 7.d4 O-O 8.b3 Re8 9.Ba3 Bxa3 10.Nxa3 Qe7 11.Nb1 Qxe2 12.Nbd2 Bg4 13.Qe1 Bxf3 14.Nxf3 Qxe1 15.Nxe1 Nbd7 16.Nf3 Ne4 17.Rad1 Nc3 18.Ra1 Re2 19.Rfe1 Rae8 20.h3 Rxe1+ 21.Nxe1 Ne2+ 22.Kh2 Nxd4 23.f4 g6 24.g4 Re2+ 25.Kg3 Nxc2 26.Nxc2 Rxc2 27.g5 Nc5 28.Kg4 Ne4 29.a4 Rc3 30.f5 gxf5+ 31.Kxf5 Rxh3 32.Rg1 Rxb3 33.a5 a6 34.Ke5 Kg7 35.Rh1 Nxg5 36.Kd6 f5 37.Kc7 Kg6 38.Re1 f4 39.Re8 f3 40.Rg8+ Kh5 41.Rb8 f2 42.Rxb7 Rxb7+ 43.Kxb7 f1=Q 44.Kxc6 Qb5+ 45.Kd6 Qxa5 46.Ke5 Kg6 47.Kd6 d4 48.Kc6 d3 {White resigned} 0-1

[Event "www.ChessWorld.net server game"]
[Site "www.ChessWorld.net "]
[Date "2007.7.27"]
[Round "NA"]
[White "joselito"]
[Black "Benny78"]
[Result "0-1"]
[Termination "White king mated"]
[WhiteElo "1406"]
[BlackElo "2512"]
[Mode "ICS"]
[DateLastMove "2007.10.16"]
[Board "3947386"]

1.e4 e5 2.Nf3 Nf6 3.Nc3 Bb4 4.d4 Nxe4 5.Nxe5 Nxc3 6.Qf3 Qf6 7.Qxf6 Nd5+ 8.c3 gxf6 9.Bd2 fxe5 10.cxb4 d6 11.dxe5 dxe5 12.Bc4 Be6 13.a3 Nxb4 14.axb4 Bxc4 15.O-O-O f6 16.h4 Rg8 17.Be3 Nc6 18.h5 Rxg2 19.h6 Nxb4 20.f4 Nd3+ 21.Kb1 Rxb2+ 22.Ka1 O-O-O 23.fxe5 Rd5 24.e6 Ra5+ {White king mated} 0-1

[Event "www.ChessWorld.net server game"]
[Site "www.ChessWorld.net "]
[Date "2007.8.3"]
[Round "NA"]
[White "joselito"]
[Black "Chairboy"]
[Result "0-1"]
[Termination "White king mated"]
[WhiteElo "1474"]
[BlackElo "1865"]
[Mode "ICS"]
[DateLastMove "2007.12.9"]
[Board "3971784"]

1.e4 e6 2.Bc4 d5 3.exd5 exd5 4.Bb3 c6 5.Nf3 Bg4 6.d4 Qe7+ 7.Be3 Nd7 8.h3 Bxf3 9.Qxf3 Ngf6 10.O-O g6 11.Nd2 Bg7 12.a3 O-O 13.c4 Ne4 14.Nxe4 dxe4 15.Qe2 f5 16.c5+ Kh8 17.Qd2 f4 18.Bxf4 Qe8 19.Bh6 Nf6 20.Bxg7+ Kxg7 21.Rfe1 Rd8 22.Qg5 h6 23.Qd2 Qd7 24.f3 exf3 25.gxf3 Rfe8 26.Bc2 Qxh3 27.Rxe8 Rxe8 28.Qg2 Qxg2+ 29.Kxg2 Re2+ 30.Kg3 Rxc2 31.b4 Nh5+ 32.Kg4 Rg2+ 33.Kh3 Nf4+ 34.Kh4 g5+ {White king mated} 0-1

[Event "www.ChessWorld.net server game"]
[Site "www.ChessWorld.net "]
[Date "2007.8.3"]
[Round "NA"]
[White "joselito"]
[Black "wubbyduk"]
[Result "0-1"]
[Termination "White resigned"]
[WhiteElo "1472"]
[BlackElo "1948"]
[Mode "ICS"]
[DateLastMove "2007.12.11"]
[Board "3971785"]

1.c4 e6 2.Nc3 b6 3.e4 Bb7 4.Nf3 Bb4 5.d4 Bxe4 6.Bd2 Bb7 7.Bd3 Nf6 8.O-O Bxc3 9.bxc3 O-O 10.d5 exd5 11.Qc2 dxc4 12.Bxc4 Bxf3 13.gxf3 d5 14.Bb3 c5 15.Bg5 c4 16.Ba4 a6 17.Qf5 b5 18.Bc2 Nbd7 19.Rfd1 h6 20.Bxf6 Nxf6 21.f4 g6 22.Qh3 Kg7 23.Kf1 Ra7 24.f5 g5 25.Be4 Rd7 26.Bf3 Re8 27.Bh5 Nxh5 28.Qf3 Nf4 29.h4 Qf6 30.Qg4 Re5 31.hxg5 hxg5 32.Rd4 Rxf5 33.Rad1 Nd3 34.f3 Rxf3+ 35.Kg1 Rf4 36.Rxf4 Qxf4 37.Qxd7 Qg3+ {White resigned} 0-1

[Event "www.ChessWorld.net server game"]
[Site "www.ChessWorld.net "]
[Date "2007.8.3"]
[Round "NA"]
[White "joselito"]
[Black "tynome"]
[Result "0-1"]
[Termination "White king mated"]
[WhiteElo "1462"]
[BlackElo "1362"]
[Mode "ICS"]
[DateLastMove "2007.10.14"]
[Board "3971789"]

1.e4 c5 2.d4 cxd4 3.Qxd4 Nc6 4.Qd1 d6 5.Bc4 e6 6.Nf3 Nf6 7.Qe2 Be7 8.O-O d5 9.exd5 exd5 10.Bb3 O-O 11.Bg5 h6 12.Bxf6 Bxf6 13.c4 Re8 14.Qd3 Bxb2 15.Bc2 Bxa1 16.Qh7+ Kf8 17.cxd5 Qxd5 18.Re1 Rxe1+ 19.Nxe1 g6 20.Bb3 Qf5 21.h3 Bg7 22.Nd2 Nd4 23.Bc2 Nxc2 24.Nxc2 Qxc2 25.Nf3 b5 26.Ne1 Qxa2 27.g3 Bxh3 28.Ng2 Qd5 29.Nf4 Qd1+ 30.Kh2 Qf1 31.g4 Qxf2+ 32.Kxh3 Qxf4 33.Qxg7+ Kxg7 34.g5 hxg5 35.Kg2 Rh8 36.Kg1 Qd4+ 37.Kg2 Qe4+ 38.Kg3 Qe3+ 39.Kg2 Rh3 40.Kf1 Rh1+ 41.Kg2 Qg1+ 42.Kf3 f5 43.Ke2 Rh2+ 44.Kf3 Qf2+ {White king mated} 0-1

[Event "www.ChessWorld.net server game"]
[Site "www.ChessWorld.net "]
[Date "2007.8.3"]
[Round "NA"]
[White "joselito"]
[Black "kenny_israeli_guy"]
[Result "0-1"]
[Termination "White resigned"]
[WhiteElo "1415"]
[BlackElo "1449"]
[Mode "ICS"]
[DateLastMove "2007.8.31"]
[Board "3971791"]

1.e4 e5 2.Bc4 c6 3.Nf3 b5 4.Nxe5 bxc4 5.Qf3 Qe7 6.Nxc4 Qe6 7.b3 Ba6 8.O-O Bxc4 9.bxc4 Qxc4 10.d3 Qxc2 11.Na3 Qc3 12.Rb1 Bxa3 13.Bxa3 Qxa3 14.Ra1 Na6 15.h3 Nf6 16.Qf5 Qxd3 17.Qe5+ Kd8 18.Rad1 Qxe4 19.Qd6 Nc7 20.Rfe1 Nb5 21.Qg3 Qg6 22.Qe3 Nd5 23.Qe5 d6 24.Qe2 Nf4 25.Qe7+ Kc8 26.g3 Nxh3+ 27.Kg2 Nf4+ 28.Kf3 Ne6 29.a4 Nbd4+ 30.Rxd4 Nxd4+ 31.Kg2 Ne6 32.a5 Nf4+ 33.Kf3 Nd5 34.Qh4 Kd7 35.Qh3+ Kc7 36.a6 Rae8 37.Rb1 Qxb1 38.Kg2 Re1 {White resigned} 0-1

[Event "www.ChessWorld.net server game"]
[Site "www.ChessWorld.net "]
[Date "2007.8.3"]
[Round "NA"]
[White "joselito"]
[Black "virgoman"]
[Result "0-1"]
[Termination "White resigned"]
[WhiteElo "1514"]
[BlackElo "1684"]
[Mode "ICS"]
[DateLastMove "2007.12.30"]
[Board "3971792"]

1.e4 e5 2.Bc4 Qh4 3.Qe2 a6 4.Nf3 Qg4 5.O-O d6 6.c3 Be7 7.d4 Qg6 8.g3 h5 9.Nh4 Bxh4 10.Qf3 Bg4 11.Qg2 Bf6 12.dxe5 Bxe5 13.Be3 h4 14.gxh4 Rxh4 15.Re1 Bxh2+ 16.Kf1 Bh3 17.Qxh3 Rxh3 18.Bd5 c6 19.Bb3 Nf6 20.Ke2 Rxe3+ 21.Kxe3 Qxe4+ 22.Kd2 Bf4+ 23.Kd1 Qxe1+ 24.Kxe1 d5 25.Nd2 Nbd7 26.Nf3 O-O-O 27.Nd4 Rh8 28.Ke2 Ne5 29.Nf5 g5 30.Ne7+ Kc7 31.a4 Nc4 32.Bxc4 dxc4 33.Rd1 Re8 34.Kf3 Rxe7 35.a5 Nd5 36.Kg4 Rd7 37.f3 Ne3+ 38.Kh3 Rxd1 {White resigned} 0-1

[Event "www.ChessWorld.net server game"]
[Site "www.ChessWorld.net "]
[Date "2007.8.3"]
[Round "NA"]
[White "joselito"]
[Black "stagon"]
[Result "0-1"]
[Termination "White resigned"]
[WhiteElo "1481"]
[BlackElo "1958"]
[Mode "ICS"]
[DateLastMove "2007.11.28"]
[Board "3971795"]

1.e4 e5 2.Bc4 Bc5 3.Nf3 Nc6 4.d3 d6 5.O-O Bg4 6.h3 Bh5 7.c3 Na5 8.Nbd2 Nxc4 9.Nxc4 h6 10.b4 Bb6 11.Be3 Bxe3 12.Nxe3 b5 13.a4 a6 14.axb5 axb5 15.Rxa8 Qxa8 16.Nd5 Qb7 17.d4 f6 18.dxe5 fxe5 19.Qd3 Ne7 20.Nxe7 Kxe7 21.g4 Bf7 22.Nh2 Bc4 23.Qg3 Bxf1 24.Kxf1 Qxe4 25.Nf3 Rf8 26.Nd2 Qf4 27.Qxf4 Rxf4 28.f3 c5 29.bxc5 d5 30.c6 e4 31.c7 Kd7 32.Kf2 Kxc7 33.Kg3 g5 34.h4 Kc6 35.hxg5 hxg5 36.fxe4 dxe4 37.c4 b4 38.Nb3 e3 39.Nc1 Rxc4 40.Ne2 b3 41.Ng1 b2 42.Nf3 b1=Q 43.Ne5+ Kd5 44.Nxc4 Kxc4 45.Kf3 Kd3 46.Kg3 e2 47.Kf3 e1=Q 48.Kg2 Qe3 49.Kh2 Qb2+ {White resigned} 0-1

[Event "www.ChessWorld.net server game"]
[Site "www.ChessWorld.net "]
[Date "2007.8.3"]
[Round "NA"]
[White "joselito"]
[Black "DanThePianoMan"]
[Result "0-1"]
[Termination "White king mated"]
[WhiteElo "1388"]
[BlackElo "1132"]
[Mode "ICS"]
[DateLastMove "2007.9.1"]
[Board "3971797"]

1.e4 Nc6 2.Bc4 Ne5 3.Qe2 c6 4.Nf3 d6 5.Nxe5 dxe5 6.Qf3 f6 7.Qg3 b5 8.O-O g5 9.d3 bxc4 10.Nc3 a5 11.Be3 h6 12.dxc4 Ba6 13.Rfd1 Qb8 14.c5 h5 15.Rd2 h4 16.Qh3 Bc8 17.Qf3 g4 18.Qe2 Qxb2 19.Rad1 Qxc3 20.Rd8+ Kf7 21.Bd2 Qxc2 22.Qe1 Bb7 23.Rd7 Ba6 24.Bxa5 Qxa2 25.Rc7 Nh6 26.Rdd7 Qe2 27.Qxe2 Bxe2 28.Ra7 Rxa7 29.Rxa7 Bg7 30.f3 gxf3 31.gxf3 Bxf3 32.Be1 Bxe4 33.Bxh4 f5 34.Rxe7+ Kf8 35.Rc7 Rg8 36.Kf2 Ng4+ 37.Kg3 Bd3 38.Rxc6 e4 39.Rc8+ Kf7 40.Rc7+ Kg6 41.c6 Be5+ 42.Kg2 Bxc7 43.Bg3 Bxg3 44.hxg3 Rc8 45.c7 Rxc7 46.Kg1 e3 47.Kg2 e2 48.Kf3 e1=Q 49.Kf4 Qe4+ {White king mated} 0-1

[Event "www.ChessWorld.net server game"]
[Site "www.ChessWorld.net "]
[Date "2007.8.4"]
[Round "NA"]
[White "joselito"]
[Black "stormynorm"]
[Result "0-1"]
[Termination "White resigned"]
[WhiteElo "1588"]
[BlackElo "1625"]
[Mode "ICS"]
[DateLastMove "2007.11.19"]
[Board "3974198"]

1.e4 b6 2.Bc4 Bb7 3.Nf3 Bxe4 4.O-O e6 5.d3 Bb7 6.Nbd2 Na6 7.Bxa6 Bxa6 8.b3 g6 9.Bb2 Nf6 10.Bxf6 Qxf6 11.Ne4 Qf4 12.c4 O-O-O 13.Re1 Kb8 14.Neg5 Bh6 15.h4 Bxg5 16.hxg5 h6 17.gxh6 Rxh6 18.Re4 Qf5 19.Kf1 Bb7 20.Rh4 Bxf3 21.Qxf3 Qxf3 22.Rxh6 Qxd3+ 23.Kg1 Qc2 24.Rh7 Rf8 25.g3 Qb2 26.Rd1 d6 27.Rh2 Qxa2 28.f4 Qxb3 29.Rd4 Qe3+ {White resigned} 0-1

[Event "www.ChessWorld.net server game"]
[Site "www.ChessWorld.net "]
[Date "2007.8.4"]
[Round "NA"]
[White "joselito"]
[Black "Botters"]
[Result "0-1"]
[Termination "White king mated"]
[WhiteElo "1381"]
[BlackElo "1375"]
[Mode "ICS"]
[DateLastMove "2007.9.11"]
[Board "3974200"]

1.e4 e5 2.Bc4 Nc6 3.Nf3 Nd4 4.Nxd4 exd4 5.Qf3 Qf6 6.O-O Qxf3 7.gxf3 Nf6 8.c3 dxc3 9.dxc3 Bc5 10.Bg5 O-O 11.e5 Nh5 12.Nd2 d6 13.Ne4 dxe5 14.Nxc5 h6 15.Be7 Re8 16.Bh4 g5 17.Bg3 Kg7 18.Ne4 b6 19.Bb5 Re6 20.c4 a6 21.Be8 Rxe8 22.b3 Nxg3 23.Nxg3 b5 24.cxb5 axb5 25.Kg2 Ba6 26.Rac1 b4 27.Rxc7 Bxf1+ 28.Kxf1 Rxa2 29.Nh5+ Kg6 30.Ng3 Rb2 31.Ne4 Rxb3 32.Kg2 Rb1 33.Nd6 Rf8 34.Re7 b3 35.Kg3 b2 36.Rxe5 Rg1+ 37.Kh3 b1=Q 38.Ne4 Qf1+ {White king mated} 0-1

[Event "www.ChessWorld.net server game"]
[Site "www.ChessWorld.net "]
[Date "2007.8.4"]
[Round "NA"]
[White "joselito"]
[Black "bassem medhat"]
[Result "0-1"]
[Termination "White king mated"]
[WhiteElo "1454"]
[BlackElo "1511"]
[Mode "ICS"]
[DateLastMove "2007.12.7"]
[Board "3974204"]

1.e4 e5 2.Nf3 d6 3.Bc4 h6 4.O-O Qf6 5.d4 Nd7 6.dxe5 Nxe5 7.Nxe5 dxe5 8.Nd2 Bc5 9.Nf3 Bxf2+ 10.Rxf2 Be6 11.Bxe6 Qxe6 12.b3 Nf6 13.Bb2 Nxe4 14.Rf1 Ng5 15.Nxg5 hxg5 16.Qf3 f6 17.Qxb7 Qc8 18.Qxc8+ Rxc8 19.Rad1 c5 20.Rf2 Rc6 21.Rfd2 O-O 22.h3 a5 23.a3 Kf7 24.Rd7+ Kg6 25.g4 c4 26.bxc4 Rxc4 27.Rb7 Rxc2 28.Rdd7 Rg8 29.Ba1 Rc1+ 30.Kg2 Rxa1 31.Kf3 Rxa3+ 32.Kg2 a4 33.Ra7 e4 34.Re7 e3 35.Rec7 Ra2+ 36.Kf3 e2 37.Re7 Ra3+ 38.Kxe2 Rxh3 39.Rxa4 Rgh8 40.Raa7 R8h7 41.Kf2 Rh2+ 42.Kg3 R7h3+ {White king mated} 0-1

[Event "www.ChessWorld.net server game"]
[Site "www.ChessWorld.net "]
[Date "2007.8.9"]
[Round "NA"]
[White "joselito"]
[Black "Mr.Oldenslo"]
[Result "0-1"]
[Termination "White resigned"]
[WhiteElo "1519"]
[BlackElo "1827"]
[Mode "ICS"]
[DateLastMove "2007.12.28"]
[Board "3990255"]

1.e4 c5 2.Nf3 Nc6 3.Bc4 d6 4.O-O g6 5.c3 Bg7 6.d4 cxd4 7.cxd4 a6 8.Bf4 Bg4 9.Qd2 Bxf3 10.gxf3 Nxd4 11.Qd3 e5 12.Be3 Nxf3+ 13.Kg2 Nh4+ 14.Kg3 g5 15.Qd5 Qe7 16.Bxa6 Rxa6 17.Nd2 Nf6 18.Qc4 h6 19.Qc8+ Qd8 20.Qxb7 Qa8 21.Qb5+ Qc6 22.Qxc6+ Rxc6 23.a4 O-O 24.a5 Ra8 25.f3 d5 26.exd5 Nxd5 27.Ne4 Nxe3 28.Rfc1 Rxc1 29.Rxc1 Rxa5 30.Kf2 Nd5 31.Nd6 Ra2 32.Rc8+ Bf8 33.Nc4 Ng6 34.Rd8 Ndf4 35.Kg3 Ra4 36.Nb6 Rb4 37.Nd7 Kg7 {White resigned} 0-1

[Event "www.ChessWorld.net server game"]
[Site "www.ChessWorld.net "]
[Date "2007.8.9"]
[Round "NA"]
[White "joselito"]
[Black "massimo"]
[Result "0-1"]
[Termination "White resigned"]
[WhiteElo "1427"]
[BlackElo "1676"]
[Mode "ICS"]
[DateLastMove "2007.10.19"]
[Board "3990256"]

1.e4 e5 2.Nf3 Nc6 3.Bb5 d6 4.O-O Nf6 5.d3 h6 6.c4 Bd7 7.b3 a6 8.Bxc6 Bxc6 9.Nbd2 Be7 10.Re1 O-O 11.Bb2 Nh7 12.a4 f5 13.exf5 Rxf5 14.g3 Ng5 15.Nxg5 Bxg5 16.b4 Qf8 17.Qe2 Rxf2 18.Qxf2 Qxf2+ 19.Kxf2 Bxd2 20.Re2 Bxb4 21.g4 Rf8+ 22.Kg3 Rf3+ 23.Kh4 g5+ 24.Kh5 Kg7 {White resigned} 0-1

[Event "www.ChessWorld.net server game"]
[Site "www.ChessWorld.net "]
[Date "2007.8.21"]
[Round "NA"]
[White "joselito"]
[Black "zamsky"]
[Result "0-1"]
[Termination "White resigned"]
[WhiteElo "1427"]
[BlackElo "1324"]
[Mode "ICS"]
[DateLastMove "2007.10.15"]
[Board "4027933"]

1.e4 e5 2.Nf3 Nc6 3.Bb5 Nce7 4.Nxe5 f6 5.Bc4 Nh6 6.Nf3 d6 7.O-O g5 8.h3 g4 9.hxg4 Bxg4 10.c3 Qd7 11.d4 O-O-O 12.Na3 f5 13.Bxh6 Bxh6 14.Qb3 b6 15.Be6 Bxf3 16.Bxd7+ Kxd7 17.gxf3 Rdg8+ 18.Kh1 Rg6 19.Nb5 Rhg8 20.exf5 Nxf5 21.Qf7+ Ne7 22.d5 Bf4 23.Qxf4 Nf5 24.Qxf5+ Kd8 25.Qf7 Rh6+ {White resigned} 0-1

[Event "www.ChessWorld.net server game"]
[Site "www.ChessWorld.net "]
[Date "2007.8.27"]
[Round "NA"]
[White "joselito"]
[Black "stefanW"]
[Result "0-1"]
[Termination "White king mated"]
[WhiteElo "1375"]
[BlackElo "1467"]
[Mode "ICS"]
[DateLastMove "2007.9.24"]
[Board "4046895"]

1.e4 e5 2.Nf3 Nc6 3.Bb5 Be7 4.O-O Nf6 5.c3 O-O 6.d4 a6 7.Bxc6 dxc6 8.Re1 Bg4 9.Bg5 Nh5 10.Bxe7 Qxe7 11.Nbd2 Qf6 12.Nb3 Nf4 13.dxe5 Qg6 14.g3 Nh3+ 15.Kf1 Ng5 16.Nbd2 Qh6 17.Re3 Rad8 18.h4 Nxf3 19.Rxf3 Bxf3 20.Qxf3 Rxd2 21.Rb1 f6 22.exf6 Rxf6 23.Qg4 Rdxf2+ 24.Kg1 Qe3 25.Qc8+ Rf8 26.Qe6+ Kh8 27.Qe7 Qxg3+ 28.Kh1 Qh2+ {White king mated} 0-1

[Event "www.ChessWorld.net server game"]
[Site "www.ChessWorld.net "]
[Date "2007.8.27"]
[Round "NA"]
[White "joselito"]
[Black "briansky"]
[Result "0-1"]
[Termination "White king mated"]
[WhiteElo "1420"]
[BlackElo "1236"]
[Mode "ICS"]
[DateLastMove "2007.10.5"]
[Board "4046897"]

1.e4 e5 2.Bc4 Qf6 3.Nf3 h6 4.O-O Ne7 5.Nc3 c6 6.Qe2 b5 7.Bb3 g6 8.d3 Bg7 9.Be3 O-O 10.d4 d6 11.dxe5 dxe5 12.a4 b4 13.Na2 a5 14.c3 Ba6 15.Bc4 b3 16.Nc1 Rd8 17.Nxb3 Bb7 18.Nc5 Bc8 19.b4 Bg4 20.h3 Bc8 21.b5 cxb5 22.axb5 Nd7 23.Nxd7 Bxd7 24.Bd5 Rab8 25.Rxa5 g5 26.Bc5 Ng6 27.Qe3 Nf4 28.Bc6 Bxc6 29.bxc6 Rb2 30.c4 h5 31.Qa3 Rdb8 32.Ra8 Qxc6 33.Rxb8+ Rxb8 34.Re1 g4 35.hxg4 hxg4 36.Nxe5 Bxe5 37.Qa7 Rf8 38.Bxf8 Kxf8 39.Rd1 Qxe4 40.Qa3+ Kg7 41.Qg3 Ne2+ 42.Kf1 Nxg3+ 43.fxg3 Qxc4+ 44.Kf2 Bd4+ 45.Ke1 Bc3+ 46.Kf2 Bd4+ 47.Ke1 Bc3+ 48.Kf2 Bd4+ 49.Ke1 Qc3+ 50.Ke2 Qc2+ 51.Rd2 Qe4+ 52.Kd1 Be3 53.Re2 Qd4+ 54.Kc2 Qc4+ 55.Kb1 Qxe2 56.Ka1 Bd4+ 57.Kb1 Qb2+ {White king mated} 0-1

[Event "www.ChessWorld.net server game"]
[Site "www.ChessWorld.net "]
[Date "2007.8.27"]
[Round "NA"]
[White "joselito"]
[Black "lgustec"]
[Result "0-1"]
[Termination "White resigned"]
[WhiteElo "1442"]
[BlackElo "1460"]
[Mode "ICS"]
[DateLastMove "2007.10.15"]
[Board "4046900"]

1.e4 e5 2.Nf3 Nc6 3.Bb5 Nb4 4.c3 Nc6 5.O-O Nf6 6.d4 exd4 7.cxd4 Nxe4 8.Bxc6 dxc6 9.Nc3 Nf6 10.Bg5 Bd6 11.Re1+ Be6 12.Ne4 Qd7 13.Nxf6+ gxf6 14.Bh6 Rg8 15.b3 O-O-O 16.h3 Bxh3 17.Nh4 Rg4 18.g3 Be7 19.Qd3 Rdg8 20.Qe3 Rxh4 21.d5 Bc5 22.Qxc5 Rxh6 23.Qxa7 Qxd5 24.Qa8+ Kd7 25.Rad1 Rxa8 26.Rxd5+ cxd5 27.a4 f5 28.f3 Rg6 29.Kf2 Rag8 30.Re5 Rxg3 31.Rxd5+ Kc6 32.Rd4 Rg2+ 33.Ke3 Re8+ 34.Kf4 h5 35.b4 b5 36.a5 Ra2 37.Kg5 Rh8 38.Rh4 Ra4 39.Rxh3 Rxb4 40.Kxf5 Rb3 41.Kf6 Rh7 42.Ke7 Rb4 43.Rh1 Rf4 44.Rc1+ Rc4 45.Ra1 h4 46.a6 f5+ 47.Ke6 Ra4 48.Rxa4 bxa4 49.a7 Kb7 {White resigned} 0-1

[Event "www.ChessWorld.net server game"]
[Site "www.ChessWorld.net "]
[Date "2007.9.5"]
[Round "NA"]
[White "joselito"]
[Black "sully84"]
[Result "0-1"]
[Termination "White king mated"]
[WhiteElo "1578"]
[BlackElo "1606"]
[Mode "ICS"]
[DateLastMove "2007.11.21"]
[Board "4076090"]

1.e4 g6 2.c4 Bg7 3.Nc3 e6 4.d3 c6 5.Nf3 d5 6.Be2 c5 7.exd5 Ne7 8.dxe6 Bxe6 9.O-O Nf5 10.Bf4 Nh4 11.Nxh4 Qxh4 12.Qb3 b6 13.Qb5+ Bd7 14.Bg3 Qe7 15.Qb3 O-O 16.Bf3 Bc6 17.Bxb8 Bxf3 18.Bg3 Bc6 19.Rae1 Qd7 20.Qd1 Qb7 21.Qe2 Bxg2 22.Bd6 Bxf1 23.Kxf1 Qh1+ {White king mated} 0-1

[Event "www.ChessWorld.net server game"]
[Site "www.ChessWorld.net "]
[Date "2007.9.5"]
[Round "NA"]
[White "joselito"]
[Black "Roderick64"]
[Result "0-1"]
[Termination "White resigned"]
[WhiteElo "1488"]
[BlackElo "1586"]
[Mode "ICS"]
[DateLastMove "2007.10.29"]
[Board "4076094"]

1.e4 e5 2.Nf3 d6 3.Bc4 h6 4.a3 a6 5.O-O Bg4 6.d4 exd4 7.Qxd4 Nc6 8.Qd5 Be6 9.Qd3 Bxc4 10.Qxc4 Ne5 11.Nxe5 dxe5 12.Rd1 Qxd1+ 13.Qf1 Qxc2 14.Be3 Qxe4 15.Nc3 Qc6 16.g3 Bc5 17.b4 Bxe3 18.fxe3 Qxc3 19.Rc1 Qxe3+ 20.Kg2 c6 21.Rd1 Qxa3 22.Qe1 f6 23.Qd2 Ne7 24.Qd7+ Kf7 25.Rd6 Qa2+ 26.Kh3 Rad8 27.Qxd8 Rxd8 28.Rxd8 e4 29.Rd7 Qe6+ {White resigned} 0-1

[Event "www.ChessWorld.net server game"]
[Site "www.ChessWorld.net "]
[Date "2007.9.5"]
[Round "NA"]
[White "joselito"]
[Black "cr50"]
[Result "0-1"]
[Termination "White resigned"]
[WhiteElo "1598"]
[BlackElo "1614"]
[Mode "ICS"]
[DateLastMove "2007.11.19"]
[Board "4076127"]

1.e4 e5 2.Nf3 Nc6 3.Bb5 Nge7 4.O-O a6 5.Ba4 b5 6.Bb3 Ng6 7.d3 Be7 8.Be3 O-O 9.Nbd2 d6 10.h3 Re8 11.a4 Bb7 12.axb5 axb5 13.Bg5 Bxg5 14.Nxg5 Qxg5 15.Qf3 Rf8 16.Rxa8 Bxa8 17.Bd5 Nd4 18.Qg4 Qxg4 19.Bxa8 Qg5 20.Bd5 Qxd2 21.c3 Ne2+ 22.Kh2 Qxd3 23.Bc6 Ne7 24.f3 Nxc6 {White resigned} 0-1

[Event "www.ChessWorld.net server game"]
[Site "www.ChessWorld.net "]
[Date "2007.9.5"]
[Round "NA"]
[White "joselito"]
[Black "AFCDon"]
[Result "0-1"]
[Termination "White king mated"]
[WhiteElo "1536"]
[BlackElo "1746"]
[Mode "ICS"]
[DateLastMove "2007.12.29"]
[Board "4076404"]

1.e4 e5 2.Nf3 Nf6 3.Nc3 d6 4.Bb5+ c6 5.Bc4 h6 6.d4 exd4 7.Qxd4 c5 8.Qd3 Nc6 9.O-O Be7 10.Nd5 Nxd5 11.Qxd5 Be6 12.Qd3 Bxc4 13.Qxc4 O-O 14.b3 Bf6 15.Rb1 a6 16.Bd2 b5 17.Qe2 Re8 18.a4 d5 19.axb5 Na7 20.bxa6 Rxe4 21.Qd1 Nb5 22.c4 dxc4 23.Rc1 Rxa6 24.bxc4 Nd4 25.Nxd4 Bxd4 26.Qf3 Re7 27.Rfe1 Rae6 28.Qg3 Rxe1+ 29.Rxe1 Rxe1+ 30.Bxe1 Qe8 31.Bd2 Qe2 32.Qb8+ Kh7 33.Qb1+ g6 34.Be3 Qxc4 35.h4 Qe2 36.h5 Bxe3 37.hxg6+ fxg6 38.Qb7+ Kg8 39.Qd5+ Kg7 40.Qe5+ Kf7 41.fxe3 c4 42.Qf4+ Ke6 43.Qe4+ Kf6 44.Qf4+ Ke7 45.Qe4+ Kd6 46.Qxg6+ Kc5 47.Qxh6 Qe1+ 48.Kh2 c3 49.Qf8+ Kc4 50.Qf3 Qd2 51.Qf1+ Qd3 52.Qf4+ Kb3 53.Qb8+ Kc2 54.Qf4 Kd2 55.e4+ Qe3 56.Qd6+ Ke1 57.Qb4 Kf2 58.Qf8+ Ke2 59.Qf5 c2 60.Qh5+ Kf1 61.Qf5+ Ke1 62.Qa5+ Qd2 63.Qa1+ c1=Q 64.Qe5 Qf4+ 65.Qxf4 Qxf4+ 66.Kh3 Kf2 67.g3 Qxg3+ {White king mated} 0-1

[Event "www.ChessWorld.net server game"]
[Site "www.ChessWorld.net "]
[Date "2007.9.5"]
[Round "NA"]
[White "joselito"]
[Black "thepirate"]
[Result "0-1"]
[Termination "White resigned"]
[WhiteElo "1506"]
[BlackElo "1624"]
[Mode "ICS"]
[DateLastMove "2007.11.9"]
[Board "4076408"]

1.e4 e5 2.Bc4 Nf6 3.Nf3 Nc6 4.d3 Bc5 5.h3 O-O 6.O-O h6 7.Nc3 a6 8.Be3 Bxe3 9.fxe3 b5 10.Bb3 Bb7 11.Ne2 d5 12.exd5 Nxd5 13.c4 Nxe3 14.Qc1 Nxf1 15.Kxf1 Qxd3 16.Bc2 Qxc4 17.Qd2 e4 18.b3 e3 19.Qc1 Qc5 20.Qd1 Nb4 21.Nfd4 Qd5 22.Nf3 Qc6 23.Nfd4 Qxg2+ {White resigned} 0-1

[Event "www.ChessWorld.net server game"]
[Site "www.ChessWorld.net "]
[Date "2007.10.15"]
[Round "NA"]
[White "joselito"]
[Black "ibrachess"]
[Result "0-1"]
[Termination "White resigned"]
[WhiteElo "1546"]
[BlackElo "2463"]
[Mode "ICS"]
[DateLastMove "2007.11.22"]
[Board "4211826"]

1.e4 e6 2.Nf3 d5 3.d3 dxe4 4.dxe4 Qxd1+ 5.Kxd1 Bc5 6.Be3 Bxe3 7.fxe3 Nf6 8.Nbd2 O-O 9.Bd3 Nbd7 10.Ke2 b6 11.e5 Ng4 12.Ng5 h6 13.h3 Ngxe5 14.Bh7+ Kh8 15.Nde4 hxg5 16.Nxg5 g6 17.Rhf1 Ba6+ 18.Kd2 Bxf1 19.Rxf1 Kg7 20.h4 Nf6 21.h5 Nxh7 22.h6+ Kg8 {White resigned} 0-1

[Event "www.ChessWorld.net server game"]
[Site "www.ChessWorld.net "]
[Date "2007.10.15"]
[Round "NA"]
[White "joselito"]
[Black "chytros"]
[Result "0-1"]
[Termination "White resigned"]
[WhiteElo "1563"]
[BlackElo "1533"]
[Mode "ICS"]
[DateLastMove "2007.11.19"]
[Board "4211830"]

1.e4 e5 2.Nf3 Nc6 3.Bb5 a6 4.Bxc6 dxc6 5.d3 Bd6 6.Be3 Nf6 7.Nbd2 Bg4 8.O-O Qd7 9.h3 Bxf3 10.Nxf3 O-O 11.c3 Rae8 12.d4 exd4 13.Bxd4 Nxe4 14.Ng5 Nxg5 15.Qd2 Qf5 16.Rfe1 Rxe1+ 17.Rxe1 Qg6 18.Kf1 c5 19.Be3 Ne4 20.Qe2 b6 21.f3 Ng3+ 22.Kf2 Nxe2 23.Kxe2 Qxg2+ 24.Kd3 Qxf3 25.h4 Qd5+ 26.Kc2 Qxa2 {White resigned} 0-1

[Event "www.ChessWorld.net server game"]
[Site "www.ChessWorld.net "]
[Date "2007.11.5"]
[Round "NA"]
[White "joselito"]
[Black "First Knight 8."]
[Result "0-1"]
[Termination "White king mated"]
[WhiteElo "1533"]
[BlackElo "1704"]
[Mode "ICS"]
[DateLastMove "2007.11.25"]
[Board "4279791"]

1.e4 e5 2.Nf3 d6 3.Bc4 h6 4.O-O Nf6 5.d3 g5 6.h3 g4 7.hxg4 Bxg4 8.Nc3 Rg8 9.d4 Bh3 10.Nh4 Ng4 11.Qf3 Rg7 12.Qxh3 exd4 13.Nf5 Rg6 14.Nxh6 Bxh6 15.Qf3 Nf6 16.e5 Nbd7 17.exf6 dxc3 18.Bxh6 Rxh6 19.Qg3 Rg6 20.Rfe1+ Kf8 21.Qh4 Qxf6 22.Re4 Qxh4 23.Rxh4 cxb2 24.Rb1 Kg7 25.Rxb2 b6 26.Bd3 Rh6 27.Rg4+ Kf8 28.Rb5 Re8 29.g3 Ne5 30.Rh4 Nf3+ 31.Kg2 Nxh4+ 32.gxh4 Rxh4 33.Rf5 Re5 34.Kg3 Rxf5 35.Bxf5 Ra4 36.f4 Rxa2 37.c4 a5 38.Kg4 a4 39.Bb1 Rb2 40.Bd3 a3 41.c5 a2 42.c6 a1=Q 43.Kg5 Rg2+ 44.Kf5 Qa5+ 45.Ke4 Rg3 46.Kd4 Qc5+ 47.Ke4 Qe3+ 48.Kf5 Qxd3+ 49.Kf6 Rg6+ {White king mated} 0-1

[Event "www.ChessWorld.net server game"]
[Site "www.ChessWorld.net "]
[Date "2007.11.18"]
[Round "NA"]
[White "joselito"]
[Black "Greg1982"]
[Result "0-1"]
[Termination "White king mated"]
[WhiteElo "1502"]
[BlackElo "1383"]
[Mode "ICS"]
[DateLastMove "2007.11.27"]
[Board "4320604"]

1.Nf3 h6 2.e4 Nc6 3.Bb5 Na5 4.Ne5 Nf6 5.Qe2 a6 6.Bc4 e6 7.h3 d6 8.Nf3 Be7 9.O-O O-O 10.e5 d5 11.Bd3 Nd7 12.c3 Nc6 13.Bc2 Nc5 14.b4 Nd7 15.Qd3 g6 16.Bb2 Ndxe5 17.Nxe5 Nxe5 18.Qg3 Nc4 19.h4 g5 20.hxg5 Bxg5 21.Qd3 f5 22.g4 Nxb2 23.Qe2 Qd6 24.d4 Nc4 25.Nd2 Nxd2 26.Rfe1 Ne4 27.Bxe4 fxe4 28.c4 Qxb4 29.cxd5 exd5 30.Red1 Bf4 31.a3 Qe7 32.f3 Qh4 33.fxe4 Bxg4 34.Qf2 Qh3 35.exd5 Be3 36.Rf1 Bxf2+ 37.Rxf2 Bf3 38.Raf1 Qh1+ {White king mated} 0-1